FourFourTwo: 100 лучших футболистов всех времен - Statistics

General Stats
  • This quiz has been taken 1 908 times
  • The average score is 23 of 100
Answer Stats
Страна Игрок % Correct
1 Аргентина Лионель Месси
100%
4 Португалия Криштиану Роналду
92%
2 Бразилия Пеле
91%
3 Аргентина Марадона
87%
9 Бразилия Роналдо
86%
22 СССР Лев Яшин
78%
6 Франция Зинедин Зидан
75%
5 Нидерланды Йохан Кройф
67%
11 Германия Герд Мюллер
61%
45 Франция Килиан Мбаппе
60%
28 Хорватия Лука Модрич
58%
12 Венгрия Ференц Пушкаш
56%
21 Бразилия Роналдиньо
55%
14 Нидерланды Марко ван Бастен
49%
48 Италия Джанлуиджи Буффон
49%
50 Польша Роберт Левандовски
48%
24 Испания Андрес Иньеста
47%
10 Северная Ирландия Джордж Бест
46%
23 Испания Хави
46%
19 Италия Паоло Мальдини
45%
40 Испания Луис Суарес
45%
7 Германия Франц Беккенбауэр
43%
8 Аргентина / Испания Альфредо Ди Стефано
42%
31 Германия Мануэль Нойер
39%
98 Бразилия Кака
39%
13 Франция Мишель Платини
37%
35 Бразилия Ривалдо
37%
16 Португалия Эйсебио
36%
29 Франция Тьерри Анри
36%
90 Бразилия Роберто Карлос
36%
30 Нидерланды Рууд Гуллит
35%
94 Португалия Луиш Фигу
35%
84 Англия Уэйн Руни
29%
17 Бразилия Гарринча
27%
18 Англия Бобби Чарльтон
26%
92 Дания Петер Шмейхель
26%
76 Бразилия Кафу
25%
89 Болгария Христо Стоичков
25%
27 Италия Роберто Баджо
22%
97 Либерия Джордж Веа
22%
100 Румыния Георге Хаджи
21%
15 Бразилия Зико
19%
39 Бразилия Ромарио
17%
88 Испания Серхио Бускетс
15%
33 Германия Лотар Маттеус
14%
43 Дания Микаэль Лаудруп
14%
77 Нидерланды Франк Райкард
14%
44 Шотландия Кенни Далглиш
13%
85 Германия Филипп Лам
13%
70 Нидерланды Рональд Куман
12%
73 Бразилия Дани Алвес
11%
42 Англия Бобби Мур
10%
46 Италия Паоло Росси
10%
25 Италия Франко Барези
9%
32 Бразилия Сократес
9%
61 Германия Карл-Хайнц Румменигге
9%
74 Франция Зрик Кантона
9%
83 Мексика Уго Санчес
9%
68 Нидерланды Деннис Бергкамп
8%
86 Англия Алан Ширер
8%
66 Шотландия Денис Лоу
7%
20 Италия Джузеппе Меацца
6%
34 Франция Раймон Копа
6%
78 Венгрия Флориан Альберт
6%
36 Англия Стэнли Мэттьюз
5%
49 Бразилия Диди
5%
52 Англия Кевин Киган
5%
55 Италия Дино Дзофф
5%
60 Италия Джанни Ривера
5%
53 Бразилия Жаирзиньо
4%
59 Англия Гордон Бэнкс
4%
81 Чехословакия Йозеф Масопуст
4%
96 Аргентина Хавьер Дзанетти
4%
26 Бразилия Карлос Алберто
3%
71 Аргентина / Италия Омар Сивори
3%
80 Франция Жюст Фонтен
3%
87 Дания Аллан Симонсен
3%
93 Венгрия Шандор Кочиш
3%
99 Аргентина Марио Кемпес
3%
37 Италия Валентино Маццола
2%
41 Испания Франсиско Хенто
2%
58 Аргентина Даниэль Пассарелла
2%
63 Англия Дикси Дин
2%
64 Швеция Гуннар Нордаль
2%
67 Италия Сандро Маццола
2%
79 Бразилия Ривелино
2%
95 Бразилия Джалма Сантос
2%
38 Австрия Маттиас Синделар
1%
54 Италия Гаэтано Ширеа
1%
56 Уругвай / Италия Хуан Альберто Скьяффино
1%
57 Германия Фриц Вальтер
1%
62 Уэльс Джон Чарльз
1%
65 Нидерланды Йохан Нескенс
1%
72 Перу Теофило Кубильяс
1%
82 Англия Джимми Гривз
1%
91 Италия Джачинто Факкетти
1%
47 Германия Гюнтер Нетцер
0%
51 Аргентина Хосе Мануэль Морено
0%
69 Шотландия Джимми Джонстон
0%
75 Уругвай Хосе Андраде
0%
No matching quizzes found
Score Distribution
Percent of People with Each Score
Percentile by Number Answered
Your Score History
You have not taken this quiz